Selección de autores nacionales

Gorde:
Xehetasun bibliografikoak
Egile nagusia: Roa Bleck, Alejo (Egilea)
Formatua: Liburua
Hizkuntza:gaztelania
Argitaratua: Santiago Salesiana 1940
Edizioa:4a. ed
Gaiak:
Etiketak: Etiketa erantsi
Etiketarik gabe, Izan zaitez lehena erregistro honi etiketa jartzen!

MARC

LEADER 00000nam a2200000 a 4500
001 UCI4831
003 CL-VaPUC
008 080307e19400000CL |||||||||||||||||spa|d
082 0 4 |a 808.831  |b ROA  |2 21 
100 0 |a Roa Bleck, Alejo  |e author  |9 526882 
245 1 0 |a Selección de autores nacionales 
250 |a 4a. ed 
300 |a 127 p 
942 |c BK 
945 |d 20080307 00:00:00  |a rbrito 
260 |a Santiago  |b Salesiana  |c 1940 
500 |a Donación padres capuchinos 
650 0 |a Literatura chilena   |9 308278 
650 0 |a Cuentos chilenos   |9 308280 
650 7 |a CUENTOS NICARAGUENSES  |2 CL-VaPUC  |9 314103 
650 0 |a Cuentos españoles  |9 267960 
583 |a last modification  |c 20080307 00:00:00  |k Rodrigo Vera 
999 |c 328678  |d 328676 
952 |0 0  |1 0  |4 0  |6 808_831000000000000_ROA_1940  |7 0  |8 X  |9 412749  |a FDOBUD  |b FDOBUD  |d 2019-11-22  |i 440761K  |o 808.831 ROA 1940  |p 440761K  |r 2019-11-22  |w 2019-11-22  |y BK_X  |k BUD